000 00627nam a2200217Ia 4500
001 6663
003 GE_BSU
008 181216s||||||||xx |||||||||||||| ||und||
040 _cGE_BSU
080 _a821.353.1-4
100 _aგედენიძე,დუდე
245 _aნაჯაფი ხელები
245 _bნარკვევები
260 _aთბილისი
260 _bთბ.კპ. ცკ-ის გამ-ბა
260 _c1975
300 _a130გვ.17სმ.
653 _aნარკვევები
653 _aნაჯაფი ხელები
942 _cBK
999 _c40057
_d40057